RLCS Teams that won Worlds - Statistics

General Stats
  • This quiz has been taken 79 times
  • The average score is 6 of 8
Answers on the Grid
Answers color-coded by a green-red scale on the quiz's grid according to % correct below.
Cloud9
Dignitas/ Gale Force
FlipSid3 Tactics (F3)
iBUYPOWER
Northern Gaming
Vitality
NRG Esports
Team BDS
Karmine Corp
Furia Esports
G2 Esports
Mock-It Esports
SpaceStation Gaming
Team Falcons
Gentle Mates Alpine
Team Secret
 
Answer Stats
Answer % Correct
Won in the Season 4 and 2022-2023 Vitality
81%
Won in the Season 8 NRG Esports
79%
Won in the Season 6 Cloud9
72%
Won in the Season 5 and Season 4
Dignitas/ Gale Force
72%
Won in the Season 2021-2022 and 2024 Team BDS
70%
Won in the Season 3 Northern Gaming
63%
Won in the Season 2 FlipSid3 Tactics (F3)
60%
Won in the Season 1 iBUYPOWER
60%
No matching quizzes found
Score Distribution
Percent of People with Each Score
Percentile by Number Answered
Your Score History
You have not taken this quiz